000 00344nam a2200133Ia 4500
008 240624s9999 xx 000 0 und d
041 _aeng
082 _a658.421 MEL
100 _aMELLOR ROBERT
245 _aENTREPRENEURSHIP FOR EVERYONE A STUDENT
260 _c2009
_aLos Angeles
_bSage Publications
300 _a242 : p.
365 _cBPS
_b30
999 _c15363
_d15363